[Event "Summer Challengers"]
[Site "SchemingMind.com"]
[Date "2015.09.01"]
[Round "-"]
[White "Simon Green"]
[Black "Gantz69"]
[Result "1-0"]
[WhiteCountry "ENG"]
[BlackCountry "MEX"]
[WhiteElo "1583"]
[WhiteRD "53"]
[BlackElo "1434"]
[BlackRD "96"]
[GameID "386606"]

1. d4 Nf6 2. e3 e6 3. Bd3 Nc6 4. c3 d5 5. f4 Bd6 6. Nf3 O-O 7. O-O Re8 8. Nbd2 Ne7 9. Qe1 c5 10. Ne5 c4
11. Bc2 b5 12. Ndf3 Rb8 13. Ng5 b4 14. Ngxf7 Qb6 15. Bd2 Bxe5 16. Nxe5 b3 17. axb3 cxb3 18. Bd3 a5 19. c4 dxc4 20. Nxc4 Qc7
21. Bxa5 Qd7 22. Ne5 Qd6 23. Qc3 Ned5 24. Qd2 Ba6 25. Bxa6 Qxa6 26. Bc7 Nxc7 27. Rxa6
1-0

[Event "Summer Challengers"]
[Site "SchemingMind.com"]
[Date "2015.09.01"]
[Round "-"]
[White "Gantz69"]
[Black "Simon Green"]
[Result "0-1"]
[WhiteCountry "MEX"]
[BlackCountry "ENG"]
[WhiteElo "1434"]
[WhiteRD "96"]
[BlackElo "1583"]
[BlackRD "53"]
[GameID "386607"]

1. c4 e6 2. Nc3 d5 3. cxd5 exd5 4. d4 Nf6 5. Bg5 Be7 6. Nf3 Nc6 7. Bxf6 Bxf6 8. e3 O-O 9. Bd3 Be6 10. O-O a6
11. a3 b5 12. b4 Qb8 13. Re1 Bg4 14. h3 Be6 15. Rc1 Ne7 16. e4 g6 17. exd5 Nxd5 18. Nxd5 Bxd5 19. Ne5 Bxe5 20. Rxe5 c6
21. Qe2 Re8 22. Re1 Kf8 23. Rxe8+ Qxe8 24. Qxe8+ Rxe8 25. Rxe8+ Kxe8 26. f3 Ke7
0-1

[Event "Summer Challengers"]
[Site "SchemingMind.com"]
[Date "2015.08.28"]
[Round "-"]
[White "Geomy"]
[Black "grabapawn"]
[Result "1-0"]
[WhiteCountry "ENG"]
[BlackCountry "USA"]
[WhiteElo "1861"]
[WhiteRD "89"]
[BlackElo "1608"]
[BlackRD "59"]
[GameID "386653"]

1. d4 c5 2. Nf3 cxd4 3. Qxd4 Nc6 4. Qd3 Nf6 5. c4 g6 6. Nc3 Bg7 7. e4 O-O 8. Be2 d6 9. O-O Bd7 10. a3 Qc7
11. Nb5 Qc8 12. Nbd4 Qc7 13. h3 Ne5 14. Nxe5 dxe5 15. Nf3 Rfd8 16. Qe3 Qc8 17. b3 Qc6 18. Bd3 b6 19. Bb2 Nh5 20. Bxe5 f6
21. Bb2 Qc7 22. Rac1 e5 23. Bb1 Nf4 24. Kh2 Qc8 25. Ng1 h6 26. Rcd1 h5 27. g3 Nxh3 28. Nxh3 Bxh3 29. Rxd8+ Qxd8 30. Kxh3 g5
31. Qd3 Qc8+ 32. Kh2 Kh8 33. Qd5 h4 34. Rd1 Rb8 35. Qd7 hxg3+ 36. Kxg3 Qg8 37. Rh1+
1-0

[Event "Summer Challengers"]
[Site "SchemingMind.com"]
[Date "2015.08.28"]
[Round "-"]
[White "grabapawn"]
[Black "Geomy"]
[Result "0-1"]
[WhiteCountry "USA"]
[BlackCountry "ENG"]
[WhiteElo "1608"]
[WhiteRD "59"]
[BlackElo "1861"]
[BlackRD "89"]
[GameID "386654"]

1. e4 Nf6 2. Nc3 d6 3. d4 Nc6 4. Nf3 Bg4 5. Bb5 a6 6. Ba4 b5 7. Bb3 e6 8. Bg5 Be7 9. h3 Bxf3 10. gxf3 Na5
11. Qd3 Nxb3 12. cxb3 h6 13. Bh4 Nh5 14. Bxe7 Qxe7 15. O-O-O O-O 16. Kb1 Rfd8 17. Qe3 c5 18. dxc5 dxc5 19. f4 Qf6 20. e5 Qf5+
21. Ka1 Nxf4 22. h4 Ng6 23. Rde1 Rac8 24. h5 Ne7 25. f4 Rd3 26. Qf2 Rd4 27. Rh4 Rcd8 28. a3 Rd2 29. Re2 Qc2 30. Rxd2 Rxd2
0-1

[Event "Summer Challengers"]
[Site "SchemingMind.com"]
[Date "2015.08.28"]
[Round "-"]
[White "Geomy"]
[Black "David Hartley"]
[Result "1/2-1/2"]
[WhiteCountry "ENG"]
[BlackCountry "ENG"]
[WhiteElo "1861"]
[WhiteRD "89"]
[BlackElo "1751"]
[BlackRD "63"]
[GameID "386655"]

1. d4 d5 2. c4 e6 3. Nc3 Nf6 4. Bg5 Nbd7 5. cxd5 e5 6. dxe5 Nxe5 7. Qd4 Bd6 8. e4 O-O 9. Be2 Re8 10. Nf3 Nxf3+
11. Bxf3 Be7 12. O-O Bg4 13. Bxg4 Nxg4 14. Bxe7 Rxe7 15. f3 Nf6 16. Rfd1 Qe8 17. Qb4 b6 18. Rac1 Rd7 19. Ne2 Qe5 20. Ng3 Qe8
21. Rc6 Qd8 22. Rdc1 Ne8 23. Qd4 g6 24. Rd1 Nd6 25. Ne2 Qe7 26. Qc3 Ne8 27. Rc1 Rad8 28. Nd4 Rd6 29. a3 a6 30. b4 Ra8
31. Qd2=
1/2-1/2

[Event "Summer Challengers"]
[Site "SchemingMind.com"]
[Date "2015.08.28"]
[Round "-"]
[White "David Hartley"]
[Black "Geomy"]
[Result "0-1"]
[WhiteCountry "ENG"]
[BlackCountry "ENG"]
[WhiteElo "1751"]
[WhiteRD "63"]
[BlackElo "1861"]
[BlackRD "89"]
[GameID "386656"]

1. e4 Nf6 2. e5 Nd5 3. d4 d6 4. f4 dxe5 5. fxe5 c5 6. c3 e6 7. Nf3 Nc6 8. Bb5 Bd7 9. O-O Be7 10. Bd2 O-O
11. Qc1 a6 12. Ba4 b5 13. Bc2 Na5 14. Ng5 g6 15. Nf3 Rc8 16. Be1 Nc6 17. Nbd2 cxd4 18. Nxd4 Nxd4 19. cxd4 Ne3 20. Rf4 Bg5
0-1

[Event "Summer Challengers"]
[Site "SchemingMind.com"]
[Date "2015.08.31"]
[Round "-"]
[White "Geomy"]
[Black "emvarela"]
[Result "1-0"]
[WhiteCountry "ENG"]
[BlackCountry "ARG"]
[WhiteElo "1875"]
[WhiteRD "89"]
[BlackElo "1700"]
[BlackRD "49"]
[GameID "386657"]

1. d4 Nf6 2. c4 e6 3. Nf3 c5 4. e3 d5 5. cxd5 cxd4 6. Bb5+ Bd7 7. Nxd4 Bb4+ 8. Bd2 Bxd2+ 9. Nxd2 Bxb5 10. Nxb5 Nxd5
11. O-O a6 12. Nd4 O-O 13. Rc1 Nd7 14. N2b3 Rc8 15. Qe2 N7b6 16. g3 Qd6 17. a3 Rxc1 18. Rxc1 Rc8 19. Rc2 Rxc2 20. Qxc2 f5
21. Nc5 Nc7 22. Nxb7 Qe7 23. Nc5 g6 24. Ndb3 Kf7 25. Qd3 Nbd5 26. Nxa6 Nxa6 27. Qxa6 Qc7 28. Qd3 Nf6 29. Qd2 Qb6 30. Nd4 Ne4
31. Qc2 Nd6 32. Qc6 Qxc6 33. Nxc6 Nc4 34. b4 Nxa3 35. f4 Nc4 36. Kf2 Kf6 37. b5 g5 38. Kf3 g4+ 39. Ke2 e5 40. Nxe5 Nxe5
41. fxe5+ Kxe5 42. Kd3 Kd5 43. b6 Kc6 44. b7 Kxb7 45. Kd4 Kc7 46. Ke5
1-0

[Event "Summer Challengers"]
[Site "SchemingMind.com"]
[Date "2015.08.31"]
[Round "-"]
[White "emvarela"]
[Black "Geomy"]
[Result "1/2-1/2"]
[WhiteCountry "ARG"]
[BlackCountry "ENG"]
[WhiteElo "1722"]
[WhiteRD "46"]
[BlackElo "1861"]
[BlackRD "89"]
[GameID "386658"]

1. e4 d5 2. exd5 Qxd5 3. Nc3 Qa5 4. d4 c6 5. Nf3 Nf6 6. Bd2 Qc7 7. h3 Bf5 8. Bc4 e6 9. Qe2 Nbd7 10. Bd3 Bxd3
11. Qxd3 Be7 12. O-O O-O 13. Ne4 h6 14. Nxf6+ Nxf6 15. c4 Rad8 16. Bc3 Nh5 17. Qe3 b6 18. Rad1 Rfe8 19. Qe5 Qxe5 20. Nxe5 Rc8
21. g3 Nf6 22. f3 Red8 23. a3 c5 24. dxc5 Bxc5+ 25. Kg2 Bd6=
1/2-1/2

[Event "Summer Challengers"]
[Site "SchemingMind.com"]
[Date "2015.08.29"]
[Round "-"]
[White "Geomy"]
[Black "kenneth m day"]
[Result "1/2-1/2"]
[WhiteCountry "ENG"]
[BlackCountry "USA"]
[WhiteElo "1875"]
[WhiteRD "89"]
[BlackElo "1678"]
[BlackRD "53"]
[GameID "386659"]

1. d4 d5 2. c4 Nc6 3. Nf3 Bg4 4. e3 Nf6 5. Be2 e6 6. O-O Be7 7. Nbd2 Qd7 8. h3 Bxf3 9. Nxf3 O-O 10. b3 dxc4
11. Bxc4 Na5 12. Bd3 Nc6 13. Bb2 Rad8 14. Rc1 Nd5 15. a3 Bf6 16. Qc2 Rfe8 17. Bxh7+ Kh8 18. Bd3 Nce7 19. Qe2 Ng6 20. Rfd1 Kh7
21. b4 Rh8 22. Bb1 Kg8 23. Bxg6 fxg6 24. Rc2 c6 25. Rcd2 g5 26. Ne5 Qd6 27. Ng4 Kf7 28. Qf3 Rdf8 29. e4 Nf4 30. e5 Qd5
31. Qxd5 exd5 32. exf6 gxf6 33. Re1 Re8 34. Rdd1 Rxe1+ 35. Rxe1=
1/2-1/2

[Event "Summer Challengers"]
[Site "SchemingMind.com"]
[Date "2015.08.29"]
[Round "-"]
[White "kenneth m day"]
[Black "Geomy"]
[Result "0-1"]
[WhiteCountry "USA"]
[BlackCountry "ENG"]
[WhiteElo "1678"]
[WhiteRD "53"]
[BlackElo "1875"]
[BlackRD "89"]
[GameID "386660"]

1. e4 Nf6 2. e5 Nd5 3. d4 d6 4. c4 Nb6 5. f4 dxe5 6. fxe5 Nc6 7. Be3 Bf5 8. Nc3 e6 9. Nf3 Be7 10. Qd2 Nb4
11. O-O-O O-O 12. a3 Na6 13. b4 c6 14. Be2 Nc7 15. h3 a5 16. c5 axb4 17. axb4 Nbd5 18. Nxd5 Nxd5 19. Kb2 Ra4 20. Ra1 Qa8
21. Bc4 Nxb4 22. Qc3 Nc2 23. Ra2 Nxe3 24. Qxe3 Rxa2+ 25. Bxa2 Qa6 26. Ra1 Ra8 27. Nd2 h6 28. Nb3 Bg5 29. Qf2 Qb5 30. h4 Bd8
31. g3 Qb4 32. Qe3 Qa3+ 33. Kc3 Ba5+
0-1

[Event "Summer Challengers"]
[Site "SchemingMind.com"]
[Date "2015.08.29"]
[Round "-"]
[White "Geomy"]
[Black "Simon Green"]
[Result "1-0"]
[WhiteCountry "ENG"]
[BlackCountry "ENG"]
[WhiteElo "1861"]
[WhiteRD "89"]
[BlackElo "1583"]
[BlackRD "53"]
[GameID "386661"]

1. d4 e6 2. c4 d5 3. Nc3 Nf6 4. Bg5 Be7 5. Nf3 Nc6 6. e3 O-O 7. Be2 dxc4 8. Bxc4 h6 9. Bh4 a6 10. O-O b5
11. Bd3 Nd5 12. Bxe7 Qxe7 13. a3 Bd7 14. Rc1 Na5 15. Nxd5 exd5 16. Rxc7 Rfc8 17. Rxc8+ Rxc8 18. Ne5 Nc4 19. Nxc4 dxc4 20. Bb1 Qg5
21. Qc2 g6 22. Qc3 Bf5 23. Bxf5 Qxf5 24. f3 Qd3 25. Kf2 Qxc3 26. bxc3 f6 27. e4 Kf7 28. Ke3 Ke6 29. d5+ Kd6 30. Kd4 Re8
31. f4 h5 32. e5+ Ke7 33. h4 f5 34. Rb1 Kd7 35. Rb4 Kc7 36. Kc5 Kd7 37. a4 Rc8+ 38. Kd4 Rb8 39. axb5 axb5 40. Kc5
1-0

[Event "Summer Challengers"]
[Site "SchemingMind.com"]
[Date "2015.08.29"]
[Round "-"]
[White "Simon Green"]
[Black "Geomy"]
[Result "0-1"]
[WhiteCountry "ENG"]
[BlackCountry "ENG"]
[WhiteElo "1583"]
[WhiteRD "53"]
[BlackElo "1861"]
[BlackRD "89"]
[GameID "386662"]

1. d4 Nf6 2. e3 e6 3. Bd3 d5 4. f4 c5 5. c3 Nc6 6. Nf3 Bd6 7. O-O O-O 8. Nbd2 c4 9. Bc2 b6 10. Ne5 Bb7
11. Ndf3 Rc8 12. Qe1 b5 13. b4 cxb3 14. axb3 a6 15. Nxc6 Rxc6 16. Ne5 Rc8 17. Ba3 Bxa3 18. Rxa3 b4 19. Ra4 bxc3 20. b4 h6
21. Qg3 Qe8 22. Ra5 Qe7 23. Rc5 Rxc5 24. bxc5 Rb8 25. Rb1 Qc7 26. f5 Re8 27. Ng4 Qxg3 28. Nxf6+ gxf6 29. hxg3 Bc8 30. Rb8 Bd7
31. Rxe8+ Bxe8 32. fxe6 fxe6 33. Kf1 a5 34. Ke2 Bb5+ 35. Kd1 f5 36. Kc1 Kf7 37. Bb3 Bd3 38. Bc2 Bb5 39. Bd1 Bd3 40. g4 fxg4
41. Bxg4 Ke7 42. Bd1 Bb5 43. Bc2 Kd7 44. Kd1 a4 45. Kc1 a3 46. Kb1 Bc4 47. Ka1 Kc6 48. e4 Kc7 49. e5 Kc6 50. Ba4+ Kc7
51. g3 Bd3 52. Ka2 c2 53. Bxc2 Bxc2 54. Kxa3 h5 55. Kb4 Kc6 56. Ka5 Bg6 57. Ka6 Be8 58. Ka5 Kb7 59. Kb4 Ka6 60. Kc3 Kb5
61. Kb3 Bd7 62. Kc3 Ka4 63. Kc2 Kb4
0-1

[Event "Summer Challengers"]
[Site "SchemingMind.com"]
[Date "2015.09.02"]
[Round "-"]
[White "Geomy"]
[Black "Gantz69"]
[Result "1-0"]
[WhiteCountry "ENG"]
[BlackCountry "MEX"]
[WhiteElo "1861"]
[WhiteRD "89"]
[BlackElo "1434"]
[BlackRD "96"]
[GameID "386663"]

1. d4 Nf6 2. c4 e6 3. Nc3 Bb4 4. Bg5 O-O 5. Nf3 Nc6 6. e3 Re8 7. Be2 Bxc3+ 8. bxc3 d5 9. O-O Na5 10. cxd5 exd5
11. h3 h6 12. Bh4
1-0

[Event "Summer Challengers"]
[Site "SchemingMind.com"]
[Date "2015.09.02"]
[Round "-"]
[White "Gantz69"]
[Black "Geomy"]
[Result "0-1"]
[WhiteCountry "MEX"]
[BlackCountry "ENG"]
[WhiteElo "1434"]
[WhiteRD "96"]
[BlackElo "1861"]
[BlackRD "89"]
[GameID "386664"]

1. c4 Nf6 2. Nc3 g6 3. d4 Bg7 4. e4 d6 5. Be2 O-O 6. Nf3 Bg4 7. O-O Nbd7 8. h3 Bxf3 9. Bxf3 c6 10. Bg5 h6
11. Bxf6 Bxf6 12. Re1 Qc7 13. a3 a5
0-1

[Event "Summer Challengers"]
[Site "SchemingMind.com"]
[Date "2015.08.31"]
[Round "-"]
[White "Geomy"]
[Black "CLewis73"]
[Result "1-0"]
[WhiteCountry "ENG"]
[BlackCountry "ENG"]
[WhiteElo "1861"]
[WhiteRD "89"]
[BlackElo "1779"]
[BlackRD "81"]
[GameID "386820"]

1. d4 Nf6 2. c4 g6 3. Nc3 Bg7 4. e4 d6 5. Bd3 O-O 6. f3 e5 7. Nge2 Nc6 8. Be3 exd4 9. Nxd4 Ne5 10. Be2 Ne8
11. f4 c5 12. fxe5 cxd4 13. Bxd4 dxe5 14. Bc5 Qg5 15. Bf3 Be6 16. Bxf8 Bxf8 17. Nd5 Bc5 18. Qe2 Nd6 19. b3 Bxd5 20. cxd5 f5
21. g3 Rf8 22. Rf1 Bb4+ 23. Kd1 fxe4 24. Bg2 Rxf1+ 25. Bxf1 Nb5 26. Qg2 Nc3+ 27. Kc2 Nxd5 28. Bc4 Kg7 29. Bxd5 Qe3 30. Rd1 Qc3+
31. Kb1 e3 32. Bc4 Ba3 33. Qxb7+ Kh6 34. Qg2 a5 35. Qc2 Qxc2+ 36. Kxc2 Bb4 37. Rd5
1-0

[Event "Summer Challengers"]
[Site "SchemingMind.com"]
[Date "2015.08.31"]
[Round "-"]
[White "CLewis73"]
[Black "Geomy"]
[Result "1/2-1/2"]
[WhiteCountry "ENG"]
[BlackCountry "ENG"]
[WhiteElo "1779"]
[WhiteRD "81"]
[BlackElo "1861"]
[BlackRD "89"]
[GameID "386821"]

1. Nf3 Nf6 2. g3 g6 3. Bg2 Bg7 4. O-O O-O 5. d3 d6 6. e4 Bg4 7. h3 Bxf3 8. Qxf3 c6 9. Be3 Nbd7 10. Nc3 Ne5
11. Qe2 Ned7 12. f4 e5 13. fxe5 dxe5 14. Bg5 h6 15. Bxf6 Nxf6 16. Kh2 Qd4 17. Rab1 a5 18. Qf2 Rfd8 19. Ne2 Qd6 20. a3 Rd7
21. Rbd1 c5 22. Nc3 Rc8 23. Nb5 Qb6 24. a4 Qe6 25. Nc3 Rc6=
1/2-1/2

[Event "Summer Challengers"]
[Site "SchemingMind.com"]
[Date "2015.08.31"]
[Round "-"]
[White "CLewis73"]
[Black "grabapawn"]
[Result "1-0"]
[WhiteCountry "ENG"]
[BlackCountry "USA"]
[WhiteElo "1814"]
[WhiteRD "89"]
[BlackElo "1594"]
[BlackRD "58"]
[GameID "386822"]

1. Nf3 c5 2. g3 d6 3. Bg2 Nc6 4. O-O Nf6 5. d3 Bd7 6. e4 e5 7. c3 g6 8. Bg5 h6 9. Bxf6 Qxf6 10. Nbd2 O-O-O
11. Nc4 h5 12. Ne3 Qg7 13. h4 Be7 14. Nd5 g5 15. Nxe7+ Nxe7 16. Nxg5 f6 17. Nf3 d5 18. Qc2 Kb8 19. exd5 Nxd5 20. Nd2 Ne7
21. Nc4 Nf5 22. b4 Nh6 23. bxc5 f5 24. Nd6 b6 25. cxb6 axb6 26. a4 Qf6 27. Nb5 Bc6 28. d4 e4 29. Rfb1 Ng4 30. a5 Rd5
31. Qe2 Qd8 32. axb6 Bxb5 33. Rxb5 Rh7 34. Qa2 Kb7 35. Qa7+ Kc6 36. Qxh7 Rxb5 37. Qxh5 Kxb6 38. Bf1 Nf6 39. Qf7 Nd7 40. Bxb5 Kxb5
41. Qxf5+ Kc6 42. Qxe4+ Kb6 43. Rb1+ Ka5 44. Qd5+
1-0

[Event "Summer Challengers"]
[Site "SchemingMind.com"]
[Date "2015.08.31"]
[Round "-"]
[White "grabapawn"]
[Black "CLewis73"]
[Result "1/2-1/2"]
[WhiteCountry "USA"]
[BlackCountry "ENG"]
[WhiteElo "1594"]
[WhiteRD "58"]
[BlackElo "1814"]
[BlackRD "89"]
[GameID "386823"]

1. e4 d5 2. d4 e6 3. Nc3 Bb4 4. Bd2 dxe4 5. Nge2 Nf6 6. a3 Bxc3 7. Bxc3 O-O 8. Ng3 b6 9. Be2 Qe7 10. Qd2 Rd8
11. O-O-O c5 12. Qe3 Nd5 13. Qd2 Ba6 14. Bxa6 Nxa6 15. Nxe4 Nxc3 16. Qxc3 cxd4 17. Rxd4 Rxd4 18. Qxd4 Rd8 19. Qe3 Nc7 20. Rd1 Rxd1+
21. Kxd1 Qd7+ 22. Qd2 Qxd2+ 23. Kxd2 Ne8 24. a4 f6 25. b4 Kf7 26. c4 Ke7 27. Kd3 Nd6 28. a5 Nxe4 29. Kxe4 bxa5 30. bxa5 Kd6
31. Kd4 e5+ 32. Kd3 Kc5 33. Kc3 f5 34. g3 g5 35. h3 h5 36. f3 g4 37. fxg4 fxg4 38. hxg4 hxg4 39. Kd3 a6 40. Ke4 Kxc4
41. Kxe5 Kb4 42. Kf5 Kxa5 43. Kxg4 Kb4 44. Kf4 a5 45. g4 a4 46. g5 a3 47. g6 a2 48. g7 a1=Q 49. g8=Q Qf1+ 50. Ke5 Qb5+
51. Qd5=
1/2-1/2

[Event "Summer Challengers"]
[Site "SchemingMind.com"]
[Date "2015.08.31"]
[Round "-"]
[White "CLewis73"]
[Black "David Hartley"]
[Result "1-0"]
[WhiteCountry "ENG"]
[BlackCountry "ENG"]
[WhiteElo "1814"]
[WhiteRD "89"]
[BlackElo "1767"]
[BlackRD "67"]
[GameID "386824"]

1. Nf3 Nf6 2. g3 g6 3. Bg2 Bg7 4. O-O O-O 5. d3 d6 6. e4 e5 7. Bg5 Bg4 8. h3 Be6 9. c4 c5 10. Nc3 Qd7
11. Kh2 Nc6 12. Bxf6 Bxf6 13. Nd5 Bg7 14. Qa4 Ne7 15. Qxd7
1-0

[Event "Summer Challengers"]
[Site "SchemingMind.com"]
[Date "2015.08.31"]
[Round "-"]
[White "David Hartley"]
[Black "CLewis73"]
[Result "1-0"]
[WhiteCountry "ENG"]
[BlackCountry "ENG"]
[WhiteElo "1751"]
[WhiteRD "63"]
[BlackElo "1779"]
[BlackRD "81"]
[GameID "386825"]

1. e4 d5 2. exd5 Nf6 3. c4 c6 4. d4 cxd5 5. Nc3 Be6 6. Nge2 dxc4 7. Nf4 Bg4 8. f3 Bd7 9. Bxc4 e6 10. Be3 Bb4
11. O-O Bxc3 12. bxc3 O-O 13. a3 b5 14. Bd3 Qe7 15. Bc2 Bc6 16. Bf2 Nbd7 17. Re1 Nd5 18. Nxd5 Bxd5 19. Qd3 Nf6 20. Bh4 Bc4
21. Bxf6 Bxd3 22. Bxe7 Rfe8 23. Bxd3 Rxe7 24. Bxb5 Rc7 25. Rec1 a6 26. Be2 a5 27. Rab1 Kf8 28. a4 Ke7 29. Rb5
1-0

[Event "Summer Challengers"]
[Site "SchemingMind.com"]
[Date "2015.08.31"]
[Round "-"]
[White "CLewis73"]
[Black "emvarela"]
[Result "0-1"]
[WhiteCountry "ENG"]
[BlackCountry "ARG"]
[WhiteElo "1752"]
[WhiteRD "74"]
[BlackElo "1700"]
[BlackRD "49"]
[GameID "386826"]

1. Nf3 d5 2. g3 c5 3. Bg2 Nf6 4. O-O Nc6 5. d3 g6 6. Nbd2 Bg7 7. e4 dxe4 8. dxe4 Bg4 9. h3 Bxf3 10. Bxf3 Ne5
11. Qe2 Nxf3+ 12. Nxf3 Qd7 13. Kg2 O-O 14. Bg5 Qc6 15. Bxf6 exf6 16. Nd2 f5 17. c3 Rfe8 18. f3 fxe4 19. Nxe4 f5 20. Qc4+ Kh8
21. Nd2 b5 22. Qd3 Rad8 23. Qc2 Re2+ 24. Rf2 Rdxd2 25. Qxd2 Rxd2 26. Rxd2 h5 27. Rd8+ Kh7 28. Re1 Bf6 29. Rde8 Bg7 30. R8e6 Qd5
31. a3 a5 32. h4 b4 33. axb4 axb4 34. cxb4 Qd2+ 35. Kh3 Qxb4 36. Rb1 c4
0-1

[Event "Summer Challengers"]
[Site "SchemingMind.com"]
[Date "2015.09.02"]
[Round "-"]
[White "emvarela"]
[Black "CLewis73"]
[Result "0-1"]
[WhiteCountry "ARG"]
[BlackCountry "ENG"]
[WhiteElo "1722"]
[WhiteRD "46"]
[BlackElo "1779"]
[BlackRD "81"]
[GameID "386827"]

1. e4 d5 2. exd5 Nf6 3. d4 Nxd5 4. c4 Nb6 5. Nc3 e5 6. d5 Bb4 7. Bd2 O-O 8. Qb3 Bxc3 9. Bxc3 c6 10. dxc6 Nxc6
11. Rd1 Qe7 12. Nf3 Bg4 13. Be2 Rad8 14. Rxd8 Rxd8 15. h3 Bxf3 16. Bxf3 Nd4 17. Bxd4 exd4+ 18. Kd2 Qg5+ 19. Kd3 Nd7 20. Kc2 Nc5
21. Qb5 Qf5+ 22. Kd1 Qb1+
0-1

[Event "Summer Challengers"]
[Site "SchemingMind.com"]
[Date "2015.08.31"]
[Round "-"]
[White "CLewis73"]
[Black "kenneth m day"]
[Result "1-0"]
[WhiteCountry "ENG"]
[BlackCountry "USA"]
[WhiteElo "1772"]
[WhiteRD "77"]
[BlackElo "1713"]
[BlackRD "53"]
[GameID "386828"]

1. Nf3 d5 2. g3 c5 3. Bg2 Nc6 4. O-O Nf6 5. d3 g6 6. Nbd2 e5 7. e4 dxe4 8. dxe4 Bg7 9. b3 O-O 10. Bb2 Re8
11. Qe2 Bg4 12. h3 Bd7 13. Nc4 Nd4 14. Nxd4 cxd4 15. c3 Bb5 16. a4 Bc6 17. Rfd1 Qc7 18. b4 Rac8 19. Na5 Bd7 20. cxd4 exd4
21. Bxd4 b6 22. Nb3 Bc6 23. Rac1 Qb7 24. Rxc6 Rxc6 25. e5 Qc7 26. Bxc6 Qxc6 27. b5 Qd5 28. Qc2 Ne4 29. Bxb6 Qxe5 30. Bd4 Qf5
31. Re1 Re6 32. Bxa7 Nc3 33. Qd2 Nxa4 34. Qd8+ Bf8 35. Rxe6 fxe6 36. Nd4 Qe4 37. Qf6 Qe1+ 38. Kh2 Bg7 39. Qxe6+ Qxe6 40. Nxe6 Be5
41. b6 Kf7 42. Ng5+ Kg7 43. b7 h6 44. Nf3 Bc7 45. b8=Q Bxb8 46. Bxb8 Nc5 47. Nd4 Nd7 48. Ba7 Ne5 49. Kg2 Kf6 50. f4 Nd7
51. Kf3 Ke7 52. Nb5 Nf6 53. Bd4 Nd5 54. g4 Ke6 55. h4 Ne7 56. Ke4 Nc6 57. Bc3 Ne7 58. h5 gxh5 59. gxh5 Nf5 60. Nd4+ Nxd4
61. Bxd4 Kf7 62. Kf5 Ke7 63. Kg6
1-0

[Event "Summer Challengers"]
[Site "SchemingMind.com"]
[Date "2015.09.01"]
[Round "-"]
[White "kenneth m day"]
[Black "CLewis73"]
[Result "1-0"]
[WhiteCountry "USA"]
[BlackCountry "ENG"]
[WhiteElo "1685"]
[WhiteRD "50"]
[BlackElo "1779"]
[BlackRD "81"]
[GameID "386829"]

1. e4 d5 2. exd5 Nf6 3. d4 Nxd5 4. c4 Nb6 5. Nc3 e5 6. Qe2 Nc6 7. dxe5 Bb4 8. Nf3 Bxc3+ 9. bxc3 O-O 10. Qe4 Re8
11. Be2 f6 12. Bf4 fxe5 13. Bg5 Qd6 14. Rd1 Qa3 15. Bc1 Qxc3+ 16. Bd2 Qa3 17. Ng5 Qxa2 18. Qxh7+ Kf8 19. Qh8+ Ke7 20. Qxg7+ Kd8
21. Nf7+
1-0

[Event "Summer Challengers"]
[Site "SchemingMind.com"]
[Date "2015.08.31"]
[Round "-"]
[White "CLewis73"]
[Black "Simon Green"]
[Result "1-0"]
[WhiteCountry "ENG"]
[BlackCountry "ENG"]
[WhiteElo "1814"]
[WhiteRD "89"]
[BlackElo "1583"]
[BlackRD "55"]
[GameID "386830"]

1. Nf3 e6 2. g3 d5 3. Bg2 Nf6 4. O-O c5 5. d3 Nc6 6. Nbd2 Be7 7. e4 d4 8. Nc4 O-O 9. Bg5 Nd7 10. Bxe7 Qxe7
11. e5 b5 12. Ncd2 Bb7 13. Re1 Nb4 14. Ne4 Bxe4 15. Rxe4 Nd5 16. Re1 b4 17. Nd2 a5 18. Nc4 N7b6 19. Nxb6 Nxb6 20. Bxa8 Nxa8
21. Qg4 Nc7 22. a3 f5 23. Qh3 g5 24. axb4 axb4 25. Ra7 Rc8 26. Qg2 Qe8 27. Qb7 Qd7 28. Ra5 Qe7 29. Qxc8+
1-0

[Event "Summer Challengers"]
[Site "SchemingMind.com"]
[Date "2015.08.31"]
[Round "-"]
[White "Simon Green"]
[Black "CLewis73"]
[Result "0-1"]
[WhiteCountry "ENG"]
[BlackCountry "ENG"]
[WhiteElo "1583"]
[WhiteRD "55"]
[BlackElo "1814"]
[BlackRD "89"]
[GameID "386831"]

1. d4 Nf6 2. e3 g6 3. Bd3 Bg7 4. f4 Nc6 5. c3 d6 6. Nf3 e5 7. fxe5 dxe5 8. Nbd2 O-O 9. O-O Bg4 10. Qe1 Re8
11. Qg3 Bxf3 12. Qxf3 e4 13. Nxe4 Nxe4 14. Bxe4 Qd7 15. Bxc6 bxc6 16. e4 Rab8 17. e5 c5 18. b3 cxd4 19. c4 Bxe5 20. Bf4 c5
21. Rae1 Bxf4 22. Qxf4 a5 23. a4 Rxb3 24. Rxe8+ Qxe8 25. Qc7 d3 26. Qxa5 Qe3+ 27. Kh1 f5 28. Qa8+ Kg7 29. Qf3 Qxf3 30. gxf3 Ra3
31. Rd1 Rxa4 32. Rxd3 Rxc4 33. Kg2 Kf6 34. Kg3 Ke6 35. f4 h6 36. h4 Rd4 37. Re3+ Kd6 38. Kf3 c4 39. Ke2 Rxf4
0-1

[Event "Summer Challengers"]
[Site "SchemingMind.com"]
[Date "2015.09.05"]
[Round "-"]
[White "CLewis73"]
[Black "Gantz69"]
[Result "1-0"]
[WhiteCountry "ENG"]
[BlackCountry "MEX"]
[WhiteElo "1779"]
[WhiteRD "81"]
[BlackElo "1434"]
[BlackRD "96"]
[GameID "386832"]

1. Nf3 Nf6 2. g3 Nc6 3. Bg2 e5 4. d3 d5 5. O-O Bc5 6. Bg5 O-O 7. Nbd2 Re8 8. e4 d4 9. Nb3 Bb6 10. h3 h6
11. Bxf6 Qxf6 12. Nfd2 a5 13. Nc4 Be6 14. Nxb6 cxb6 15. f4
1-0

[Event "Summer Challengers"]
[Site "SchemingMind.com"]
[Date "2015.09.05"]
[Round "-"]
[White "Gantz69"]
[Black "CLewis73"]
[Result "0-1"]
[WhiteCountry "MEX"]
[BlackCountry "ENG"]
[WhiteElo "1434"]
[WhiteRD "96"]
[BlackElo "1779"]
[BlackRD "81"]
[GameID "386833"]

1. c4 Nf6 2. Nc3 g6 3. Nf3 Bg7 4. d4 O-O 5. e4 d6 6. Be3 c5 7. d5 e6 8. Be2 exd5 9. exd5 Re8 10. O-O Bg4
11. h3 Bxf3 12. Bxf3 Nbd7 13. Rb1 Ne5 14. Bg5 Nxc4 15. b3 Ne5
0-1